000 00279nam a22001337a 4500
003 SGT
082 _a340,STO
100 _aSTONE,JULIUS
245 _aHUMAN LAW & HUMAN JUSTICE
260 _aNEW DELHI
_bUNIVERSAL
_c2011
300 _a415
650 _aHUMAN LAW
942 _2ddc
_cBK
999 _c11036
_d11036